Revista internacional de ciencias administrativas Revista de administracin̤ pb︢lica comparada

Detalles Bibliográficos
Formato: Revista
Lenguaje:español
Publicado: Bruselas : Instituto Internacional de Ciencias Administrativas, 1938-?
Materias:
Acceso en línea:Acceso restringido

MARC

LEADER 00000nas a2200000 4500
005 20120731161655.0
007 cr|||| ||||
008 A10218u19389999sp qr p r 0 a0spa d
022 |a 0255-3635 
035 |a 6281 
040 |a BUS  |d vLex 
080 |a 342.9 <05> 
090 |c 3330  |d 3330 
245 0 0 |a Revista internacional de ciencias administrativas  |h [Recurso electrn̤ico] :  |b Revista de administracin̤ pb︢lica comparada  
256 |a Servicio en ln̕ea 
260 |a Bruselas :  |b Instituto Internacional de Ciencias Administrativas,  |c 1938-? 
300 |a 1 recurso electrn̤ico 
310 |a Trimestral. 
506 1 |a Contenido solo disponible en los productos indicados  |d vLex Global   |d vLex Global (Academic Edition, excluding Law Schools)   |d vLex Global (U.S. Academic Edition, Law Schools)   |d vLex Global (U.S. Academic Edition, excluding Law Schools)   |d vLex Global (Academic Edition, Law Schools)  
580 |a Absorbi ̤a: Progreso administracin̤ pb︢lica. 
650 0 4 |a Derecho administrativo  |x Publicaciones perid̤icas 
740 0 |a vLex Libros (Servicio en ln̕ea) 
856 4 2 |z Acceso restringido  |u http://vlex.com/source/revista-internacional-ciencias-administrativas-6345 
942 |c REV 
999 0 |a  Administrative law